| 000 | 02624nkm0a2200373 4500 | ||
|---|---|---|---|
| 001 | RU\NLR\BIBL_A\022776879 | ||
| 005 | 20260412095510.0 | ||
| 035 | _a(NLR Aleph) 022776879 | ||
| 090 |
_a13654969 _c13654969 |
||
| 100 | _a20260412 rusy50 | ||
| 101 | 0 | _arus | |
| 102 | _aRU | ||
| 116 | _aiiycxx bf ac | ||
| 181 | 0 |
_ab4 _bxb2e |
|
| 182 | 0 | _an | |
| 200 | 1 |
_aКакаду _eшоколад с молоком _eТ-во А. И. Абрикосова сыновей в Москве _e[обертка] |
|
| 203 |
_aИзображение _bнеподвижное _bдвухмерное _bвизуальное _cнепосредственное |
||
| 210 |
_aС.П.Б. [Санкт-Петербург] _cЛит. Т. Киббель _d[между 1899 и 1914] |
||
| 215 |
_a1 л. _cхромолитогр., конгрев. тиснение _d24,2х18,3 |
||
| 300 | _aНа обертке также знак поставщика Двора Его Императорского Величества, два малых государственных герба Российской империи с датами: "1882" и "1896" | ||
| 532 | 1 | 2 | _aКакаду : шоколад с молоком : Товарищество А. И. Абрикосова сыновей в Москве |
| 606 | 1 |
_aУпаковки _xХудожественное оформление _yРоссия _z19 - 20 вв. _92340120 _3RU\NLR\AUTH\6601622390 |
|
| 606 | 1 |
_aШоколад _xУпаковка _92581859 _3RU\NLR\AUTH\6601736798 |
|
| 606 | 1 |
_aКакаду _jИзоиздания _91225421 _3RU\NLR\AUTH\66499128 |
|
| 686 | 1 | _aЩ129.93(2Р=Рус)53 | |
| 711 | 0 | 2 |
_a"Абрикосов, А. И., сыновья", фабрично-торговое товарищество _cМосква _9342287 _3RU\NLR\AUTH\8810228721 |
| 712 | 0 | 0 |
_4650 _4610 _aКиббель, _cПетербург _gТеодор Теодорович, _hхромолитография и картонажная фабрика _9430653 _3RU\NLR\AUTH\880382193 |
| 830 | _a"В 1899 году товариществу было пожаловано почётное звание «Поставщик Двора его Императорского Величества»": https://ru.wikipedia.org/wiki/Абрикосов,_Алексей_Иванович_(предприниматель) (06.04.2026). АЯ ОЭФ | ||
| 830 | _aГраница датировки - 1914: "С.П.Б.". АЯ ОЭФ | ||
| 852 | 0 | 0 |
_aNLR _bЭ _jПр.гр./Э901-1-1 _mЭаф15455 |
| 942 | _cVISUAL | ||
| 980 | _aNB | ||